00819nam a22002417a 450000100060000000300090000600500170001500800410003202000180007302000150009104000280010608200190013410000190015324501080017226000560028030000450033650000200038152600080040160000620040965000560047170000230052770000270055019629BD-DhUAP20200226155620.0200226r20051997enka b 001 0 eng d a9780500280256 a0500280258 aDLCcDLCdBD-DhUAPbEng00223a720.92 KAH1 aKahn, Louis I.10aLouis I. Kahn :bin the realm of architecture /cLouis I. Kahn, David B. Brownlee and David G. De Long. aLondon :bThames & Hudson,cc1997 [Reprinted 2005]. a272 pages :billustrations ;c23 cm. cm. aIncludes index. aARC10aKahn, Louis I.,d1901-1974xCriticism and interpretation. 0aArchitecturezUnited StatesxHistoryy20th century.1 aBrownlww, David B.1 aDe Long, David Gilson.